| 000 | 00455nam a22001577a 4500 | ||
|---|---|---|---|
| 005 | 20231026145343.0 | ||
| 008 | 231026b |||||||| |||| 00| 0 eng d | ||
| 020 | _a0409014141 | ||
| 041 | _aEnglish | ||
| 082 | _a346.7 OTT | ||
| 245 | _aCredit Agreements Act 75 of 1980 | ||
| 260 |
_aDurban : _bButterworth Publishers (Pty) Ltd, _c1998 |
||
| 300 |
_b50 pages ; _c26 cm. |
||
| 650 |
_aLegal practice _bLaw |
||
| 942 |
_cBK _6ALISON_BN_VRIES |
||
| 999 |
_c100 _d100 |
||